The viewer and the printed image in late medieval Europe /

Bibliographic Details
Main Author: Areford, David S., 1963-
Format: Book
Language:English
Published: Farnham, England ; Burlington, VT : Ashgate, [2010]
Series:Visual culture in early modernity.
Subjects:

MARC

Tag First Indicator Second Indicator Subfields
LEADER 00000cam a2200000 a 4500
001 in00002567921
005 20151201151842.0
008 090618s2010 enkabf b 001 0 eng
010 |a  2009023089 
015 |a GBA9B1217  |2 bnb 
016 7 |a 015421534  |2 Uk 
020 |a 9780754667629 (hardcover : alk. paper) 
020 |a 0754667626 (hardcover : alk. paper) 
029 1 |a NLGGC  |b 322764084 
029 1 |a CDX  |b 10314343 
035 |a (OCoLC)ocn405105520 
035 |a (OCoLC)405105520 
040 |a DLC  |c DLC  |d BWKUK  |d BWK  |d UKM  |d CDX  |d YDXCP  |d BWX  |d UtOrBLW 
043 |a e------ 
049 |a TXAM 
050 0 0 |a NE625  |b .A73 2010 
082 0 0 |a 769.94/09024  |2 22 
100 1 |a Areford, David S.,  |d 1963- 
245 1 4 |a The viewer and the printed image in late medieval Europe /  |c David S. Areford. 
264 1 |a Farnham, England ;  |a Burlington, VT :  |b Ashgate,  |c [2010] 
264 4 |c ©2010 
300 |a xvii, 312 pages, 16 unnumbered pages of plates :  |b color illustrations, maps ;  |c 26 cm. 
336 |a text  |b txt  |2 rdacontent 
337 |a unmediated  |b n  |2 rdamedia 
338 |a volume  |b nc  |2 rdacarrier 
490 1 |a Visual culture in early modernity 
504 |a Includes bibliographical references and index. 
505 0 |a Introduction : the aura of the printed image -- The materiality of the printed image -- Acts of viewing -- The ship and the skeleton : the prints of Jacopo Rubieri -- Little Simon's body -- Printing the side wound of Christ. 
650 0 |a Prints, European. 
650 0 |a Art and society  |z Europe  |x History  |y To 1500. 
830 0 |a Visual culture in early modernity. 
938 |a Blackwell Book Service UK  |b BBUK  |n L9838447  |c 65.00 
938 |a Coutts Information Services  |b COUT  |n 10314343  |c 65.00 GBP 
938 |a YBP Library Services  |b YANK  |n 3115456 
938 |a Blackwell Book Service  |b BBUS  |n R6844663  |c $124.95 
945 |a PromptCat  |b 4649 
946 |a stk 
947 |a A14840242314 
994 |a 92  |b TXA 
948 |a Cataloged  |b h  |c 2010/6/16  |d c  |e ibarton 
999 |a MARS 
999 f f |s 5e0fcec9-8c00-3dcc-9609-31c22a4f6927  |i fbf488fe-8528-375c-8042-06a2c0de91cc  |t 0 
952 f f |p normal  |a Texas A&M University  |b College Station  |c Sterling C. Evans Library  |d Evans: Library Stacks  |t 0  |e NE625 .A73 2010  |h Library of Congress classification  |i unmediated -- volume  |m A14840242314 
998 f f |a NE625 .A73 2010  |t 0  |l Evans: Library Stacks